1461 1619 1224 1473 1651 1190 1761 1595 1708 1658 1331 1900 1918 1862 1985 1957 1792 1771 1937 1214 1609 1781 1047 1111 1272 1956 1492 1457 1834 1865 1168 1265 1396 1978 1279 1919 1597 1258 1075 1400 1138 1952 1210 1039 1726 1863 1726 1855 1163 1454 1024 1331 1072 1265 1959 1496 1021 1727 1855 1275 1672 1475 1266 1519 1162 1872 1346 1807 1793 1567 1738 1849 1509 1990 1342 1945 1402 1412 1750 1097 1905 1098 1173 1669 1978 1718 1298 1474 1141 1172 1728 1498 1537 1799 1842 1198 1867 1997 1201 BCNSPRNW ULIB Ver.6.0+V

เปลี่ยนเป็นภาษาไทย

Change to English
 แสดงรายละเอียดบรรณานุกรม
  กลับหน้าหลัก

Brief Record : Get Marc (ISO 2709) : E-mail record : QR code < ปิดหน้าต่าง
LEADER : 00000nam 2200000uu 4500
001    13399114176
003     ULIB
008    120228s2552||||th 000 0 tha d
020    ^a9789748287850
050  4 ^aTP248.16^bว336ศ 2552
100 0  ^aวรุณวรรณ ผาโคตร
245 10 ^aศัพท์ :^bเทคโนโลยีชีวภาพ สิ่งแวดล้อมและการแพทย์ทางเลือก /^cวรุณวรรณ ผาโคตร
246 30 ^aศัพท์ :^bเทคโนโลยีชีวภาพ อาชีวอนามัย
246 31 ^aVocabulary in biotechnology environment and alternative
246 31 ^aVocabulary in biotechnology environment occupational
250    ^aพิมพ์ครั้งที่ 1
260    ^aกรุงเทพฯ :^bเค. เอส. พี. การพิมพ์,^c2552
300    ^a197 หน้า ;^c15 ซม.
650  4 ^aเทคโนโลยีชีวภาพ^vพจนานุกรม
650  4 ^aสิ่งแวดล้อม^vพจนานุกรม
650  4 ^aการแพทย์ทางเลือก^vพจนานุกรม
700 0  ^aสิรนาท นุชนาถ
945    ^p199^l0^i18779
945    ^p199^l0^i18780
995    ^aกัณชพร
999 ^a ใช้งานได้ทุกระบบ
รายการนี้ยังไม่มีแท็ก
คุณยังไม่ได้ล็อกอิน คุณสามารถมีกิจกรรมร่วมกับเว็บไซต์ได้ แต่ต้องล็อกอินก่อน ::
  ล็อกอิน

รายการสื่อสารสนเทศ

ลำดับที่ ประเภท เลขเรียก/บาร์โค้ด สถานที่ สถานะ
- ไม่พบข้อมูล -

รายการใกล้เคียง
    ผู้แต่ง [วรุณวรรณ ผาโคตร]

BibComment


ยังไม่เคยถูกคอมเมนท์

คอมเมนท์ทรัพยากรรายการนี้
  คอมเมนท์: ศัพท์ เทคโนโลยี..


 Copyright 2026. Bcnsprnw @Library